[Event "Wroclaw Radzikowska Blitz op"]
[Site "Wroclaw"]
[Date "2022.11.04"]
[Round "7"]
[White "Zeberski, Jakub"]
[Black "Bartel, Mateusz"]
[Result "0-1"]
[WhiteElo "2326"]
[BlackElo "2627"]
[PlyCount "61"]
[EventDate "2022.11.04"]
[EventType "swiss (blitz)"]
[EventRounds "11"]
[EventCountry "POL"]
[SourceTitle "EXT 2024"]
[Source "ChessBase"]
[SourceDate "2023.10.10"]
[SourceVersion "1"]
[SourceVersionDate "2023.10.10"]
[SourceQuality "1"]

1. e4 e5 2. Nf3 Nc6 3. Bb5 a6 4. Ba4 Nf6 5. 0-0 b5 6. Bb3 Bb7 7. d3 Bd6 8. a3 0-0 9. Nc3 h6 10. h3 Re8 11. Be3 Bf8 12. Qd2 d6 13. Nd5 Nh5 14. Nh2 Ne7 15. Qe2 Bxd5 16. Bxd5 Nxd5 17. Qxh5 Nf6 18. Qf3 d5 19. Ng4 Nxg4 20. hxg4 d4 21. Bd2 c5 22. g3 c4 23. Kg2 Re6 24. Qf5 Rc8 25. g5 cxd3 26. gxh6 Qf6 27. Qxf6 Rxf6 28. cxd3 Rc2 29. Bg5 Rg6 30. hxg7 Kxg7 31. Bd8 0-1

[Event "Wroclaw Radzikowska Blitz op"]
[Site "Wroclaw"]
[Date "2022.11.04"]
[Round "3"]
[White "Zeberski, Jakub"]
[Black "Sabuk, Piotr"]
[Result "0-1"]
[WhiteElo "2326"]
[BlackElo "2426"]
[PlyCount "108"]
[EventDate "2022.11.04"]
[EventType "swiss (blitz)"]
[EventRounds "11"]
[EventCountry "POL"]
[SourceTitle "EXT 2024"]
[Source "ChessBase"]
[SourceDate "2023.10.10"]
[SourceVersion "1"]
[SourceVersionDate "2023.10.10"]
[SourceQuality "1"]

1. e4 e5 2. Nf3 Nc6 3. Bb5 a6 4. Ba4 Nf6 5. 0-0 Be7 6. d3 b5 7. Bb3 d6 8. a3 0-0 9. Nc3 Nb8 10. Nd5 Nxd5 11. Bxd5 c6 12. Bb3 Nd7 13. c3 Bb7 14. d4 c5 15. Re1 Bf6 16. h3 exd4 17. cxd4 Re8 18. Bc2 g6 19. a4 Nb6 20. Bf4 Nxa4 21. e5 dxe5 22. dxe5 Qxd1 23. Bxd1 Be7 24. Bxa4 bxa4 25. Rxa4 Bc6 26. Rc4 Rab8 27. Rc2 Rb4 28. Be3 Rb5 29. Nd2 Bd5 30. Ra1 Ra8 31. f3 f5 32. Nb1 Be6 33. Nc3 Rb3 34. Kf2 c4 35. Ne2 Kf7 36. Nd4 Rb4 37. Nc6 Rb3 38. Nxe7 Kxe7 39. Bc5+ Kf7 40. Ba3 Rb5 41. f4 Rd5 42. Rac1 Rd3 43. Rc3 Rd2+ 44. Kg3 Bd5 45. R1c2 Rxc2 46. Rxc2 Rb8 47. Rd2 Ke6 48. Kh4 h6 49. g4 Rb3 50. Bf8 fxg4 51. hxg4 h5 52. gxh5 gxh5 53. Kxh5 Kf5 54. Rxd5 Rh3# 0-1

[Event "Wroclaw Radzikowska Blitz op"]
[Site "Wroclaw"]
[Date "2022.11.04"]
[Round "5"]
[White "Zeberski, Jakub"]
[Black "Salimova, Nurgyul"]
[Result "0-1"]
[WhiteElo "2326"]
[BlackElo "2379"]
[PlyCount "132"]
[EventDate "2022.11.04"]
[EventType "swiss (blitz)"]
[EventRounds "11"]
[EventCountry "POL"]
[SourceTitle "EXT 2024"]
[Source "ChessBase"]
[SourceDate "2023.10.10"]
[SourceVersion "1"]
[SourceVersionDate "2023.10.10"]
[SourceQuality "1"]

1. e4 c6 2. d4 d5 3. exd5 cxd5 4. Bd3 Nf6 5. c3 Bg4 6. Qa4+ Nc6 7. Bf4 e6 8. Nd2 Bd6 9. Bxd6 Qxd6 10. h3 Bh5 11. Ngf3 0-0 12. 0-0 Qf4 13. Rae1 Rac8 14. Re3 a6 15. Rfe1 Rc7 16. Nf1 Bg6 17. Bxg6 hxg6 18. Ng3 Ra8 19. Qd1 Nd7 20. Nd2 b5 21. Rf3 Qd6 22. a3 a5 23. h4 Nf6 24. Nb3 b4 25. axb4 axb4 26. Nc5 bxc3 27. bxc3 e5 28. h5 Nxh5 29. Nxh5 gxh5 30. Rg3 exd4 31. cxd4 g6 32. Nd3 Nxd4 33. Ne5 Nf5 34. Rd3 d4 35. Nf3 Rd8 36. Qa4 Re7 37. Red1 Re4 38. Qa7 h4 39. Ng5 Re7 40. Qa5 Qd5 41. Qb4 Rb7 42. Qa3 Qe5 43. Nf3 Qf6 44. Qc1 Rbd7 45. Qf4 Qd6 46. Qg5 Qe7 47. Qf4 Qf6 48. Nd2 Re7 49. Ne4 Qe5 50. Qxe5 Rxe5 51. Ng5 Kg7 52. Nf3 Re4 53. Nd2 Rf4 54. Nc4 g5 55. Ne5 f6 56. Nc6 Rd6 57. Na5 g4 58. Nc4 Rd8 59. Nd2 g3 60. f3 Ne3 61. Re1 Rc8 62. Nb3 Nf5 63. Red1 h3 64. Nxd4 Nxd4 65. Rxd4 h2+ 66. Kh1 Rxd4 0-1

[Event "Wroclaw Anderssen Memorial op"]
[Site "Wroclaw"]
[Date "2021.07.31"]
[Round "7"]
[White "Zeberski, Jakub"]
[Black "Kohut, Anna"]
[Result "1-0"]
[WhiteElo "2344"]
[BlackElo "1991"]
[PlyCount "59"]
[EventDate "2021.07.31"]
[EventType "swiss (rapid)"]
[EventRounds "9"]
[EventCountry "POL"]
[SourceTitle "CBM 203 Extra"]
[Source "ChessBase"]
[SourceDate "2021.09.30"]
[SourceVersion "1"]
[SourceVersionDate "2021.09.30"]
[SourceQuality "1"]

1. e4 e5 2. Nf3 Nf6 3. Nxe5 d6 4. Nf3 Nxe4 5. d3 Nf6 6. d4 d5 7. Bd3 Bd6 8. Qe2+ Qe7 9. Qxe7+ Bxe7 10. Bf4 c6 11. h3 0-0 12. 0-0 Ne4 13. Re1 f5 14. Ne5 Bh4 15. g3 Bf6 16. h4 Bxe5 17. Bxe5 Nd7 18. Bf4 Nb6 19. b3 Bd7 20. f3 Nf6 21. Nd2 Nh5 22. Be5 Rae8 23. Kf2 g6 24. a4 Ng7 25. a5 Nc8 26. b4 Ne6 27. Nb3 a6 28. Rab1 Kf7 29. Nc5 Nxc5 30. bxc5 1-0

[Event "Wroclaw op"]
[Site "Wroclaw"]
[Date "2018.08.02"]
[Round "6"]
[White "Zeberski, Jakub"]
[Black "Berdnyk, Mariia"]
[Result "1-0"]
[WhiteElo "2343"]
[BlackElo "2291"]
[PlyCount "63"]
[EventDate "2018.07.30"]
[EventType "swiss"]
[EventRounds "9"]
[EventCountry "POL"]
[SourceTitle "CBM 185 Extra"]
[Source "ChessBase"]
[SourceDate "2018.07.29"]
[SourceVersion "1"]
[SourceVersionDate "2018.07.29"]
[SourceQuality "1"]

1. e4 c5 2. Nf3 d6 3. Bb5+ Bd7 4. Bxd7+ Nxd7 5. 0-0 Ngf6 6. Qe2 g6 7. c3 Bg7 8. d4 e6 9. Bf4 Qc7 10. Na3 e5 11. Nb5 Qb8 12. Nxd6+ Qxd6 13. dxe5 Qc6 14. exf6 Qxf6 15. Bg3 0-0 16. Rfd1 Nb6 17. a4 Rad8 18. Rxd8 Qxd8 19. Rd1 Qf6 20. Bd6 Re8 21. a5 Nc8 22. Bxc5 Qc6 23. Bb4 h6 24. e5 f6 25. Nd4 Qd5 26. Nf5 Qb3 27. Nxg7 Rxe5 28. Qg4 Kxg7 29. Qd7+ Ne7 30. Bxe7 Qf7 31. Bxf6+ Kxf6 32. Qd4 1-0

[Event "POL-chT3 Dolnoslaskie 1718"]
[Site "Poland"]
[Date "2018.04.08"]
[Round "11.26"]
[White "Zeberski, Jakub"]
[Black "Daniel, Damian"]
[Result "1-0"]
[WhiteElo "2323"]
[BlackElo "2094"]
[PlyCount "55"]
[EventDate "2017.10.08"]
[EventType "team-tourn"]
[EventRounds "11"]
[EventCountry "POL"]
[SourceTitle "EXT 2019"]
[Source "ChessBase"]
[SourceDate "2018.10.10"]
[SourceVersion "1"]
[SourceVersionDate "2018.10.10"]
[SourceQuality "1"]

1. e4 e5 2. Nc3 Nf6 3. f4 d5 4. fxe5 Nxe4 5. Qf3 Nxc3 6. dxc3 Be6 7. Qg3 c5 8. Nf3 h6 9. Bb5+ Nc6 10. Bxc6+ bxc6 11. 0-0 g5 12. Be3 Be7 13. Qf2 Qa5 14. b4 cxb4 15. Nd4 Kd7 16. cxb4 Qa6 17. a4 Qc4 18. b5 c5 19. Nc6 Bf8 20. Na5 Qc3 21. Bd2 Qxe5 22. Rae1 Qg7 23. c4 d4 24. Qf3 Rc8 25. Nc6 Bd6 26. Nxa7 Bxc4 27. b6 Bxf1 28. Qf5+ 1-0

[Event "POL-chT3 Dolnoslaskie 1718"]
[Site "Poland"]
[Date "2017.12.10"]
[Round "5.15"]
[White "Cechura, Petr"]
[Black "Zeberski, Jakub"]
[Result "1-0"]
[WhiteElo "2172"]
[BlackElo "2323"]
[PlyCount "141"]
[EventDate "2017.10.08"]
[EventType "team-tourn"]
[EventRounds "11"]
[EventCountry "POL"]
[SourceTitle "EXT 2019"]
[Source "ChessBase"]
[SourceDate "2018.10.10"]
[SourceVersion "1"]
[SourceVersionDate "2018.10.10"]
[SourceQuality "1"]

1. e4 e5 2. Nf3 Nc6 3. d4 exd4 4. c3 Nf6 5. e5 Ne4 6. cxd4 Bb4+ 7. Bd2 Nxd2 8. Nbxd2 d6 9. Bb5 Bd7 10. exd6 Bxd6 11. 0-0 0-0 12. Ne4 Bg4 13. Bxc6 bxc6 14. h3 Bh5 15. Nxd6 cxd6 16. Qd3 Qa5 17. Nd2 Rfe8 18. Nc4 Qd5 19. Ne3 Qg5 20. Rac1 Rad8 21. Qf5 Qxf5 22. Nxf5 Bg6 23. Ne3 Rc8 24. Rc3 Re4 25. Rd1 f6 26. f3 Re7 27. Kf2 Bf7 28. a3 a5 29. Rd2 a4 30. Rdc2 Rb7 31. Nf5 Rcb8 32. Nxd6 Rxb2 33. Rxc6 Bd5 34. Rc8+ Rxc8 35. Rxb2 Rd8 36. Rb6 Kf8 37. Ke3 Ke7 38. Ne4 Rc8 39. Nc5 Kf7 40. Rb4 Re8+ 41. Kd2 Bc6 42. Rb6 Rc8 43. Kc3 g5 44. Kc4 Kg6 45. d5 Be8 46. d6 Bc6 47. Rb4 h5 48. Kd4 Kf5 49. Rb6 Be8 50. d7 Rd8 51. Rb7 Bf7 52. Rc7 Be8 53. Ke3 Ke5 54. dxe8Q+ Rxe8 55. Nb7 f5 56. Rc5+ Kf6+ 57. Kf2 Re6 58. Rd5 Re7 59. Nc5 Rc7 60. g4 hxg4 61. hxg4 fxg4 62. fxg4 Rh7 63. Ne4+ Ke7 64. Rd7+ Kxd7 65. Nf6+ Ke6 66. Nxh7 Kd5 67. Nxg5 Kc4 68. Ne4 Kb3 69. g5 Kxa3 70. Nc5 Kb4 71. Nxa4 1-0

[Event "POL-chT 2nd League"]
[Site "Szczyrk"]
[Date "2014.09.11"]
[Round "6.2"]
[White "Nguyen, Piotr"]
[Black "Zeberski, Jakub"]
[Result "1/2-1/2"]
[WhiteElo "2325"]
[BlackElo "2329"]
[PlyCount "84"]
[EventDate "2014.09.06"]
[EventType "team-swiss"]
[EventRounds "9"]
[EventCountry "POL"]
[SourceTitle "EXT 2015"]
[Source "ChessBase"]
[SourceDate "2014.11.20"]
[SourceVersion "1"]
[SourceVersionDate "2014.11.20"]
[SourceQuality "1"]
[WhiteTeam "Gostynin Gostmat 83"]
[BlackTeam "Pegow Wieza"]
[WhiteTeamCountry "POL"]
[BlackTeamCountry "POL"]

1. f4 b6 2. e4 Bb7 3. Nc3 e6 4. Nf3 Nf6 5. d3 d5 6. e5 Nfd7 7. Qe2 g6 8. Be3 c5 9. Bf2 Be7 10. g4 h5 11. Bh3 Nc6 12. gxh5 Rxh5 13. Bg4 Rh7 14. h4 b5 15. h5 Qa5 16. 0-0-0 gxh5 17. Rxh5 Rxh5 18. Bxh5 0-0-0 19. Bxf7 d4 20. Nb1 Nb4 21. Bxe6 c4 22. Rg1 Qxa2 23. Nxd4 Qa1 24. Nf5 Na2+ 25. Kd2 Bb4+ 26. c3 cxd3 27. Kxd3 Kb8 28. Kc2 Nc5 29. Bxc5 Bxc5 30. Re1 b4 31. Nd2 Nxc3 32. Rxa1 Nxe2 33. Bc4 b3+ 34. Bxb3 Bb4 35. Rd1 Nxf4 36. Nd6 Bxd6 37. exd6 Rxd6 38. Rf1 Ne2 39. Rf8+ Kc7 40. Rf7+ Rd7 41. Rxd7+ Kxd7 42. Bc4 Bc8 1/2-1/2

[Event "CZE-chT rap"]
[Site "Pardubice"]
[Date "2014.07.12"]
[Round "4.5"]
[White "Palas, Ales"]
[Black "Zeberski, Jakub"]
[Result "0-1"]
[WhiteElo "1986"]
[BlackElo "2348"]
[PlyCount "98"]
[EventDate "2014.07.10"]
[EventType "team-swiss"]
[EventRounds "7"]
[EventCountry "CZE"]
[SourceTitle "CBM 161 Extra"]
[Source "ChessBase"]
[SourceDate "2014.08.29"]
[SourceVersion "1"]
[SourceVersionDate "2014.08.29"]
[SourceQuality "1"]

1. e4 c5 2. Nf3 d6 3. d4 cxd4 4. Nxd4 Nf6 5. Nc3 Nc6 6. Bc4 Bd7 7. Bb3 g6 8. f3 Nxd4 9. Qxd4 Bg7 10. Be3 0-0 11. Qd2 b5 12. Bh6 b4 13. Ne2 a5 14. Bxg7 Kxg7 15. a4 bxa3 16. Rxa3 a4 17. Bc4 Qb6 18. Qd4 Qb4+ 19. Qc3 Qc5 20. Qd4 Qxd4 21. Nxd4 Rfe8 22. Bd3 Reb8 23. b3 e5 24. Ne2 axb3 25. Rxa8 Rxa8 26. Kd2 bxc2 27. Bxc2 d5 28. exd5 Nxd5 29. Rb1 Ra2 30. Nc1 Rxc2+ 31. Kxc2 Bf5+ 32. Nd3 Nf4 33. Rb3 Nxd3 34. Rxd3 Kf6 35. Kd2 Bxd3 36. Kxd3 Ke6 37. Ke3 f5 38. g3 Kd5 39. Kd3 g5 40. h3 f4 41. gxf4 gxf4 42. h4 h5 43. Ke2 Kc4 44. Kd2 Kd4 45. Ke2 Kc3 46. Ke1 Kd3 47. Kf2 Kd2 48. Kf1 Ke3 49. Kg2 Ke2 0-1

[Event "Wroclaw op 9th"]
[Site "Wroclaw"]
[Date "2014.07.01"]
[Round "5"]
[White "Zeberski, Jakub"]
[Black "Kubien, Jerzy"]
[Result "1/2-1/2"]
[WhiteElo "2348"]
[BlackElo "2185"]
[PlyCount "27"]
[EventDate "2014.06.29"]
[EventType "swiss"]
[EventRounds "9"]
[EventCountry "POL"]
[SourceTitle "EXT 2015"]
[Source "ChessBase"]
[SourceDate "2014.11.20"]
[SourceVersion "1"]
[SourceVersionDate "2014.11.20"]
[SourceQuality "1"]

1. d4 d5 2. Nf3 Nf6 3. c4 e6 4. Nc3 c6 5. cxd5 exd5 6. Bg5 Be7 7. e3 Bf5 8. Bd3 Bxd3 9. Qxd3 Nbd7 10. 0-0 0-0 11. Rab1 a5 12. a3 Ne4 13. Bxe7 Qxe7 14. Ra1 1/2-1/2

[Event "CZE-chT2D 1314"]
[Site "Czech Republic"]
[Date "2014.01.05"]
[Round "5.1"]
[White "Jirasek, Pavel"]
[Black "Zeberski, Jakub"]
[Result "0-1"]
[WhiteElo "2328"]
[BlackElo "2348"]
[PlyCount "120"]
[EventDate "2013.11.03"]
[EventType "team-tourn"]
[EventRounds "11"]
[EventCountry "CZE"]
[SourceTitle "EXT 2016"]
[Source "ChessBase"]
[SourceDate "2015.10.08"]
[SourceVersion "1"]
[SourceVersionDate "2015.10.08"]
[SourceQuality "1"]
[WhiteTeam "Lipa"]
[BlackTeam "Rychnov nad Kneznou"]
[WhiteTeamCountry "CZE"]
[BlackTeamCountry "CZE"]

1. e4 c5 2. Nf3 Nc6 3. Bb5 e5 4. 0-0 Bd6 5. c3 Nge7 6. d4 cxd4 7. cxd4 exd4 8. Nbd2 0-0 9. Nb3 Bc7 10. Nbxd4 d5 11. Bg5 f6 12. exd5 Nxd4 13. Qxd4 fxg5 14. d6 Bxd6 15. Rad1 Nf5 16. Qd5+ Kh8 17. g4 Nh4 18. Ne5 Bxg4 19. Nxg4 Nf3+ 20. Kh1 Qc8 21. h3 h5 22. Qxd6 hxg4 23. Bd7 Qc2 24. Bxg4 Rf4 25. Qd3 Qc6 26. Qd5 Qh6 27. Qe6 Rf6 28. Qe7 Qg6 29. Rd8+ Rxd8 30. Qxd8+ Kh7 31. Qd5 Nh4 32. Be2 Rd6 33. Qxb7 Rc6 34. Qb4 Rc2 35. Bb5 Qf5 36. Qb3 Kh6 37. Qd3 Qc8 38. Kg1 Rd2 39. Qc3 Qxc3 40. bxc3 Rxa2 41. Rc1 a6 42. Bc6 Ng6 43. Bg2 Nf4 44. Bf1 Ra5 45. Rb1 Rc5 46. Rb6+ Kh5 47. c4 Ra5 48. Rb1 Kh4 49. Rc1 Rc5 50. Rc3 a5 51. Ra3 Re5 52. Re3 Rxe3 53. fxe3 Ne6 54. c5 Nxc5 55. Kg2 a4 56. Bc4 a3 57. Bg8 Ne4 58. Kf3 Nc3 59. e4 a2 60. Bxa2 Nxa2 0-1

[Event "CZE-chT2D 1314"]
[Site "Czech Republic"]
[Date "2013.12.15"]
[Round "4.1"]
[White "Zeberski, Jakub"]
[Black "Kraus, Tomas"]
[Result "0-1"]
[WhiteElo "2348"]
[BlackElo "2346"]
[PlyCount "70"]
[EventDate "2013.11.03"]
[EventType "team-tourn"]
[EventRounds "11"]
[EventCountry "CZE"]
[SourceTitle "EXT 2016"]
[Source "ChessBase"]
[SourceDate "2015.10.08"]
[SourceVersion "1"]
[SourceVersionDate "2015.10.08"]
[SourceQuality "1"]
[WhiteTeam "Rychnov nad Kneznou"]
[BlackTeam "Jicin II"]
[WhiteTeamCountry "CZE"]
[BlackTeamCountry "CZE"]

1. c4 Nf6 2. g3 c6 3. Nf3 d5 4. cxd5 cxd5 5. Bg2 g6 6. 0-0 Bg7 7. d4 0-0 8. Nc3 Ne4 9. Qb3 Nxc3 10. bxc3 Nc6 11. Nd2 e6 12. e4 Na5 13. Qd1 Qc7 14. Ba3 Rd8 15. Rc1 dxe4 16. Bxe4 e5 17. d5 Nc4 18. Nxc4 Qxc4 19. Re1 Be6 20. dxe6 Rxd1 21. exf7+ Qxf7 22. Rcxd1 Kh8 23. Bd5 Qc7 24. c4 Re8 25. Re3 b6 26. Rde1 h6 27. Rf3 Rd8 28. Bb2 Re8 29. h4 h5 30. Re4 Kh7 31. Kg2 Qd7 32. Ba3 Rd8 33. Rf7 Qa4 34. Be7 Rxd5 35. Re3 Rd7 0-1